Water resources management and sustainability solutions for arid regions

Bibliographic Details
Other Authors: Sherif, Mohsen (Editor), Singh, V. P. (Vijay P.), 1946- (Editor), Sefelnasr, Ahmed (Editor), Abrar, M. (Editor)
Format: Book
Language:English
PhysicalDescription:446 strán
Published: Cham Springer 2023
ISBN:9783031245084
9783031245060

MARC

LEADER 00000nam a2200000 4500
001 vtls012285040
003 SK-MaSNL
005 20260301232352.0
008 251009s2023 sz 000 0 eng
020 |a 9783031245084  |q ( brožované) 
020 |a 9783031245060  |q (eBook) 
040 |a SNK  |b slo  |c SNK  |e rda 
041 0 |a eng 
044 |a sz  |c CH 
072 7 |2 konspekt 
080 |2 2011 
245 0 0 |a Water resources management and sustainability  |b solutions for arid regions  |c Mohsen Sherif, Vijay P. Singh, Ahmed Sefelnasr, M. Abrar, editors 
264 1 |a Cham  |b Springer  |c 2023 
300 |a 446 strán 
336 |a text  |b txt  |2 rdacontent 
337 |a bez média  |b n  |2 rdamedia 
338 |a zväzok  |b nc  |2 rdacarrier 
700 1 |a Sherif, Mohsen  |4 edt  |9 625900 
700 1 |a Singh, V. P.  |q (Vijay P.),  |d 1946-  |4 edt  |9 170496 
700 1 |a Sefelnasr, Ahmed  |4 edt  |9 625901 
700 1 |a Abrar, M.  |4 edt  |9 625902 
852 |a Slovenská národná knižnica 
919 |a 978-3-031-24508-4 
919 |a 978-3-031-24506-0 
999 |c 961178  |d 963108 
952 |a SNK  |b SNK  |y NEVYP  |7 1  |o snk  |i snk  |8 4  |g 157.49  |0 0  |1 0  |4 0  |d 2025-10-09  |l 0  |r 2026-02-24 10:18:53  |w 2026-02-24